Представление документа в формате RUSMARC

ПолеНазваниеЗначение
  Тип записи a
  Библиографический уровень a
001 Контрольный номер RU/CBS_Ul/BASE/527802637
005 Дата корректировки 20240209175205.2
100 Данные общей обработки __
a Данные общей обработки 20160921d2016 ||| 0rusy0189 ca
101 Язык документа 0_
a Язык текста rus
102 Страна публикации __
a Страна публикации RU
105 Кодированные данные (монография) __
a Кодированные данные (монография) y###||||000|y
200 Заглавие и сведения об ответственности 1_
a Заглавие Диктатуры и их институты: особый мир
b Общее обозначение материала Текст
e Сведения, относящиеся к заглавию [понятие "диктатура" и "демократия"]
f Первые сведения об ответственности Д. Ганди
300 Общие примечания __
a Общие примечания Ограничения по возрасту - 16+
461 Уровень набора _0
1 2000
a Неприкосновенный запас
463 Уровень физической единицы _0
1 001RU/CBS_Ul/BASE/527800648
1 2000
a № 4
v С. 13-42.
1 210
d 2016
606 Тематические рубрики 0_
a Основная рубрика Диктатура - Понятие
610 Ключевые слова 0_
a Ключевые слова политология
a Ключевые слова диктатура
a Ключевые слова демократия
686 Индексы других классификаций __
a Классификационный индекс 66.0
2 Код системы ББК
700 Автор _1
a Фамилия Ганди
b Имя (инициалы) Д.
801 Источник записи _0
a Страна RU
b Организация МБУК ЦБС г. Ульяновска
c Дата составления 20160921
g Правила каталогизации RCR
801 Источник записи _1
a Страна RU
b Организация МБУК ЦБС г. Ульяновска
c Дата составления 20160921
g Правила каталогизации RCR
901 Тип документа __
t Тип документа b
w Контрольный № источника RU/CBS_Ul/BASE/527800648
910 Корректоры записи __
a Корректор записи admin2
938 Служебная информация __
a Имя БД period